000 00328nam a2200145Ia 4500
008 230917s9999||||xx |||||||||||||| ||und||
040 _e46707
_aMAIN
041 _aEnglish
082 _a410 C889L
100 _aCrystal, David
245 0 _aLinguistics
260 _aEngland
_bPenguin
_c1977
300 _a267 p.
942 _cBK
999 _c182507
_d182507